| 000 | 00355 a2200133 4500 | ||
|---|---|---|---|
| 005 | 20250616125958.0 | ||
| 020 | _a978-9987-9654-415-42-3 | ||
| 082 | _a005.74 OGA | ||
| 100 | _aOGAKHAN, N. | ||
| 245 | _aComputer Fundamentals for Business Studies. | ||
| 260 |
_aDar es Salaam, _c Nyamu Ogakhan, _b2013. |
||
| 300 |
_a301p.: ill.; picture _c25cm |
||
| 942 |
_2ddc _cBKS |
||
| 999 |
_c85 _d85 |
||